LEADER 01238nam0 22003011i 450 001 UON00276772 005 20231205103819.510 010 $a02-264-6801-1 100 $a20060509d2003 |0itac50 ba 101 $aeng 102 $aUS 105 $a|||| ||||| 200 1 $aMetaphors We Live By$fGeorge Lakoff and Mark Jonson 210 $aChicago and London$cUniversity of Chicago Press$dc2003 215 $axiii, 276 p.$d22 cm 606 $aLinguistica$xMetonimia$3UONC059879$2FI 606 $aMetafora$3UONC023794$2FI 620 $aUS$dChicago, Ill.$3UONL000120 620 $aGB$dLondon$3UONL003044 700 1$aLAKOFF$bGeorge$3UONV145306$0200324 701 1$aJOHNSON$bMark$3UONV137499$0266890 712 $aThe University of Chicago Press$3UONV246827$4650 801 $aIT$bSOL$c20251024$gRICA 912 $aUON00276772 950 $aSIBA - SISTEMA BIBLIOTECARIO DI ATENEO$dSI GLOTT A 7 III 010 $eSI MC 30626 7 010 950 $aSIBA - SISTEMA BIBLIOTECARIO DI ATENEO$dSI II 454 $eSI AA 28006 7 454 $sTesto d'esame 996 $aMetaphors we live by$917315 997 $aUNIOR